[Event "StL-B-West 2002/03"]
[Site "Jenbach"]
[Date "2002.11.30"]
[Round "5"]
[Board "2"]
[White "Novkovic, Milan"]
[Black "Weindl, Alfred"]
[Result "1/2-1/2"]
[WhiteElo "2375"]
[BlackElo "2371"]
[PlyCount "98"]

1.e4 c5 2.Nf3 Nc6 3.Bb5 g6 4.Bxc6 dxc6 5.d3 Bg4 6.Nc3 Bg7 7.h3 Bxf3 8.Qxf3 Nf6
9.O-O e5 10.Be3 Qe7 11.a3 Nd7 12.Rfb1 O-O 13.b4 cxb4 14.axb4 a6 15.Na4 f5 16.Nc5
Rab8 17.Re1 Rf7 18.Nxd7 Qxd7 19.Bb6 fxe4 20.Qxe4 Rf4 21.Qe3 Rxb4 22.Rab1 Rxb1
23.Rxb1 Rf8 24.Rb4 Qd5 25.Kh2 h5 26.Re4 Rf4 27.Rxf4 exf4 28.Qe8+ Kh7 29.Qe7 Qe5
30.Qxb7 f3+ 31.Kg1 Qg5 32.g4 Qc1+ 33.Kh2 Qf4+ 34.Kg1 Qc1+ 35.Kh2 Qf1 36.Kg3 g5
37.Kxf3 Qxh3+ 38.Ke2 Qxg4+ 39.Kd2 Qb4+ 40.Ke2 Qc3 41.Kd1 Qa1+ 42.Kd2 Qf6 43.Qxa6
c5 44.Ke2 Qe6+ 45.Kf1 Qh3+ 46.Ke2 Qg4+ 47.Kd2 Qf5 48.Ke2 Qg4+ 49.Kd2 Qf5

[Event "StL-B-West 2002/03"]
[Site "Jenbach"]
[Date "2002.11.30"]
[Round "5"]
[Board "3"]
[White "Poettinger, Harald"]
[Black "Gaertner, Guntram"]
[Result "1/2-1/2"]
[WhiteElo "2222"]
[BlackElo "2354"]
[PlyCount "52"]

1.d4 Nf6 2.Nf3 e6 3.e3 b6 4.Bd3 Bb7 5.O-O Be7 6.c4 c5 7.Nc3 cxd4 8.exd4 d5
9.cxd5 Nxd5 10.Ne5 O-O 11.Qg4 f5 12.Qe2 Bf6 13.Bc4 Re8 14.Rd1 Nc6 15.Nxd5 exd5
16.f4 Qd6 17.Bb3 g6 18.a3 Na5 19.Ba2 Rac8 20.Bd2 Nc4 21.Bb4 Qe6 22.Rac1 a5
23.Be1 Ba6 24.Qf3 Red8 25.Bc3 Kg7 26.Re1 Qd6

[Event "StL-B-West 2002/03"]
[Site "Jenbach"]
[Date "2002.11.30"]
[Round "5"]
[Board "4"]
[White "Atlas, Dmitry"]
[Black "Bezler, Rainer"]
[Result "1/2-1/2"]
[WhiteElo "2258"]
[BlackElo "2253"]
[PlyCount "29"]

1.e4 e5 2.Bc4 Nc6 3.Nf3 Bc5 4.c3 Qe7 5.O-O d6 6.h3 Nf6 7.d3 Be6 8.Bb3 Bb6 9.Re1
O-O-O 10.Ba4 Rdg8 11.d4 Bd7 12.d5 Nb8 13.Bxd7+ Nbxd7 14.a4 a6 15.Na3

[Event "StL-B-West 2002/03"]
[Site "Jenbach"]
[Date "2002.11.30"]
[Round "5"]
[Board "5"]
[White "Gattenloehner, Sebastian"]
[Black "Tschohl, Christof"]
[Result "1/2-1/2"]
[WhiteElo "2216"]
[BlackElo "2127"]
[PlyCount "52"]

1.e4 c5 2.Nf3 Nc6 3.d4 cxd4 4.Nxd4 Nf6 5.Nc3 e5 6.Ndb5 d6 7.Bg5 a6 8.Na3 b5
9.Nd5 Be7 10.Bxf6 Bxf6 11.c3 O-O 12.Nc2 Bg5 13.a4 bxa4 14.Rxa4 Bb7 15.Bc4 Ne7
16.Ncb4 a5 17.Nxe7+ Bxe7 18.Nd5 Bc6 19.Ra2 Rb8 20.b3 a4 21.bxa4 Bxd5 22.Bxd5 Qa5
23.O-O Bd8 24.Qd3 Qc5 25.Rfa1 Ba5 26.c4 Rb4

[Event "StL-B-West 2002/03"]
[Site "Jenbach"]
[Date "2002.11.30"]
[Round "5"]
[Board "6"]
[White "Sandholzer, Robert"]
[Black "Heilinger, Dietmar"]
[Result "0-1"]
[WhiteElo "2138"]
[BlackElo "2178"]
[PlyCount "96"]

1.e4 e6 2.d4 d5 3.Nc3 dxe4 4.Nxe4 Nd7 5.Nf3 Ngf6 6.Nxf6+ Nxf6 7.Bd3 c5 8.c3 Qb6
9.O-O Bd7 10.Qe2 Be7 11.Bg5 Bc6 12.Rfd1 O-O 13.Ne5 cxd4 14.cxd4 Rad8 15.Rac1 Bd5
16.b3 h6 17.Bh4 Qd6 18.Bg3 Qb4 19.Bc4 Ne4 20.Qe3 Nxg3 21.hxg3 Bg5 22.f4 Bf6
23.Ng4 Be7 24.Ne5 Qd6 25.Rc2 Rc8 26.Rdc1 Bxc4 27.bxc4 Rfd8 28.Rd1 Qb4 29.Qb3 b6
30.Qxb4 Bxb4 31.Kf2 f6 32.Nf3 Rc7 33.Ke3 Kf7 34.Nd2 a5 35.Ne4 Ke7 36.Rd3 f5
37.Nf2 Rdc8 38.a3 Be1 39.Rb2 Rxc4 40.Rd1 Bxf2+ 41.Kxf2 Rc2+ 42.Rd2 Rxd2+ 43.Rxd2
b5 44.Rb2 Rb8 45.Ke3 Kd6 46.Kd3 g5 47.Rc2 gxf4 48.gxf4 Rg8

[Event "StL-B-West 2002/03"]
[Site "Jenbach"]
[Date "2002.11.30"]
[Round "5"]
[Board "2"]
[White "Mathe, Gaspar"]
[Black "Opl, Klaus"]
[Result "1/2-1/2"]
[WhiteElo "2363"]
[BlackElo "2279"]
[PlyCount "58"]

1.d4 d5 2.c4 c6 3.Nf3 Nf6 4.Nc3 e6 5.cxd5 exd5 6.Bg5 Be7 7.Qc2 O-O 8.e3 Nbd7
9.Bd3 Re8 10.O-O Nf8 11.Rab1 a5 12.a3 Ne4 13.Bxe7 Qxe7 14.b4 Bf5 15.Nd2 Nxd2
16.Qxd2 Bxd3 17.Qxd3 Ng6 18.Ne2 axb4 19.axb4 Nh4 20.Rfc1 Qg5 21.Ng3 f5 22.b5 f4
23.exf4 Qxf4 24.bxc6 bxc6 25.Rxc6 Ra4 26.Qc2 Qxd4 27.Rc8 Ra8 28.Rxe8+ Rxe8
29.Rd1 Qc4

[Event "StL-B-West 2002/03"]
[Site "Jenbach"]
[Date "2002.11.30"]
[Round "5"]
[Board "4"]
[White "Spiesberger, Gerhard"]
[Black "Pantleev, Petar"]
[Result "0-1"]
[WhiteElo "2093"]
[BlackElo "2256"]
[PlyCount "58"]

1.e4 e5 2.d4 d6 3.dxe5 dxe5 4.Qxd8+ Kxd8 5.Nc3 c6 6.Bc4 f6 7.Be3 Nd7 8.Be6 Kc7
9.O-O-O Bc5 10.Bxc5 Nxc5 11.Bxc8 Rxc8 12.Nge2 h5 13.Rd2 Rd8 14.Rhd1 Rxd2 15.Kxd2
b5 16.a3 Ne7 17.Ke3 a5 18.b3 g5 19.Nc1 f5 20.Nd3 Nxe4 21.Nxe4 Nd5+ 22.Kd2 fxe4
23.Nc5 b4 24.Ne6+ Kb6 25.Nxg5 Nc3 26.Ra1 Rd8+ 27.Ke3 Rd1 28.Rxd1 Nxd1+ 29.Kd2
bxa3

[Event "StL-B-West 2002/03"]
[Site "Jenbach"]
[Date "2002.11.30"]
[Round "5"]
[Board "5"]
[White "Hamberger, Hermann"]
[Black "Fruehauf, Norbert"]
[Result "1-0"]
[WhiteElo "2135"]
[BlackElo "2082"]
[PlyCount "93"]

1.e4 e5 2.Nf3 Nc6 3.Bc4 Nf6 4.Ng5 d5 5.exd5 b5 6.Bxb5 Qxd5 7.Nc3 Qxg2 8.Qf3 Qxf3
9.Nxf3 Bd7 10.O-O Nd4 11.Bxd7+ Nxd7 12.Nxd4 exd4 13.Nb5 O-O-O 14.Nxd4 Ne5 15.Nb3
Bd6 16.Kg2 g5 17.d4 Nc6 18.c3 Rde8 19.Bd2 Re4 20.f3 Re2+ 21.Rf2 Re7 22.Re1 Rxe1
23.Bxe1 Ne7 24.Re2 Nf5 25.Nd2 h5 26.Nc4 Bf4 27.Bf2 g4 28.Bg3 Bg5 29.Re5 Nh4+
30.Bxh4 Bxh4 31.fxg4 hxg4 32.Re4 f5 33.Rf4 Rf8 34.Ne5 Bg5 35.Rf1 Rf6 36.h3 gxh3+
37.Kxh3 Kd8 38.d5 Ke7 39.c4 Kd6 40.Nc6 a6 41.b4 Be3 42.Kg3 f4+ 43.Kf3 Rf8 44.Rh1
Rg8 45.Rh6+ Kd7 46.c5 Bd2 47.Rh7+

[Event "StL-B-West 2002/03"]
[Site "Jenbach"]
[Date "2002.11.30"]
[Round "5"]
[Board "6"]
[White "Doppelhammer, Herbert"]
[Black "Nussbächer, Andreas"]
[Result "0-1"]
[WhiteElo "2110"]
[BlackElo "2153"]
[PlyCount "70"]

1.Nf3 Nf6 2.b3 g6 3.Bb2 Bg7 4.g3 O-O 5.Bg2 d6 6.d4 e5 7.dxe5 Nfd7 8.O-O dxe5
9.e4 Na6 10.Nc3 c6 11.Na4 Qe7 12.Qe2 b5 13.Nc3 Nac5 14.Qe3 a5 15.a4 b4 16.Ne2
Ba6 17.Rfd1 Rfd8 18.h4 Qf8 19.g4 Ne6 20.Bf1 Qe7 21.g5 f6 22.Rd2 fxg5 23.hxg5 Rf8
24.Bh3 Bxe2 25.Qxe2 Nxg5 26.Nxg5 Qxg5+ 27.Kf1 Nf6 28.Rad1 Qh4 29.Qd3 Nxe4 30.Re2
Rxf2+ 31.Kg1 Qg5+ 32.Kh1 Ng3+ 33.Kg1 Rxe2 34.Bc1 Qh4 35.Be6+ Kh8

[Event "StL-B-West 2002/03"]
[Site "Jenbach"]
[Date "2002.11.30"]
[Round "5"]
[Board "1"]
[White "Hausner, Ivan"]
[Black "Riemelmoser, Franz"]
[Result "1/2-1/2"]
[WhiteElo "2412"]
[BlackElo "2320"]
[PlyCount "132"]

1.e4 e6 2.d4 d5 3.Nd2 Nf6 4.e5 Nfd7 5.Bd3 c5 6.c3 Nc6 7.Ngf3 a5 8.O-O cxd4
9.cxd4 g6 10.Nb1 Bg7 11.Nc3 O-O 12.Re1 f6 13.exf6 Nxf6 14.Nb5 Qb6 15.Bf4 Ne8
16.Qd2 Bd7 17.a4 Nb4 18.Be5 Nxd3 19.Qxd3 Rc8 20.Rec1 Nf6 21.Bc7 Qa6 22.Qb3 Ne4
23.Rc2 Rf7 24.Ne5 Bxe5 25.dxe5 Bc6 26.Bd6 Qb6 27.Qe3 Qxe3 28.fxe3 Ra8 29.Nc7 Rc8
30.Nxe6 Nxd6 31.exd6 Rd7 32.Nd4 Rxd6 33.Rac1 Kf7 34.Rc5 Re8 35.Nxc6 Rxc6 36.Rxc6
bxc6 37.Rxc6 Rxe3 38.Rc5 Ke6 39.Rxa5 Rb3 40.Rb5 Re3 41.Kf2 Re4 42.b3 d4 43.Rb4
Kd5 44.a5 Re8 45.Rb7 d3 46.Rd7+ Ke4 47.a6 Rf8+ 48.Ke1 Rf6 49.a7 Ra6 50.b4 Ra1+
51.Kd2 Ra2+ 52.Kc3 d2 53.Rxd2 Rxa7 54.b5 Rb7 55.Rb2 Rb6 56.Re2+ Kf5 57.Rb2 Ke4
58.Kc2 Kd4 59.Kd2 Kc4 60.h4 Rxb5 61.Rxb5 Kxb5 62.Ke3 Kc5 63.Kf4 Kd5 64.Kg5 Ke6
65.Kh6 Kf5 66.Kxh7 Kg4

[Event "StL-B-West 2002/03"]
[Site "Jenbach"]
[Date "2002.11.30"]
[Round "5"]
[Board "2"]
[White "Bronznik, Valeri"]
[Black "Proehl, Holger"]
[Result "1/2-1/2"]
[WhiteElo "2399"]
[BlackElo "2336"]
[PlyCount "27"]

1.d4 d5 2.c4 c6 3.Nf3 Nf6 4.Nc3 a6 5.cxd5 cxd5 6.Bf4 e6 7.e3 b5 8.Bd3 Be7 9.h3
Bb7 10.O-O Nc6 11.a4 b4 12.Na2 O-O 13.Nc1 Na5 14.Ne5

[Event "StL-B-West 2002/03"]
[Site "Jenbach"]
[Date "2002.11.30"]
[Round "5"]
[Board "3"]
[White "Kleissl, Helmut"]
[Black "Halasz, Tamas"]
[Result "1/2-1/2"]
[WhiteElo "2321"]
[BlackElo "2386"]
[PlyCount "59"]

1.Nf3 Nf6 2.c4 g6 3.Nc3 Bg7 4.e4 d6 5.d4 O-O 6.h3 c5 7.d5 e6 8.Bd3 exd5 9.exd5
Re8+ 10.Kf1 Na6 11.Bg5 h6 12.Bf4 Nc7 13.a4 b6 14.Qd2 g5 15.Be3 a6 16.Nh2 Nh5
17.h4 gxh4 18.Be2 Nf6 19.Bxh6 Ne4 20.Nxe4 Rxe4 21.Bxg7 Kxg7 22.Bd3 Rd4 23.Nf3
Rg4 24.g3 Qf6 25.Rxh4 Rxh4 26.Nxh4 Bg4 27.Re1 Re8 28.Rxe8 Nxe8 29.Be2 Bd7 30.b3

[Event "StL-B-West 2002/03"]
[Site "Jenbach"]
[Date "2002.11.30"]
[Round "5"]
[Board "4"]
[White "Scheffknecht, Philipp"]
[Black "Kroell, Johannes"]
[Result "0-1"]
[WhiteElo "2183"]
[BlackElo "2123"]
[PlyCount "82"]

1.d4 b5 2.e4 e6 3.Bxb5 Bb7 4.Qe2 f5 5.exf5 Bxg2 6.Qh5+ g6 7.fxg6 Bg7 8.gxh7+ Kf8
9.hxg8=Q+ Kxg8 10.Qg4 Bxh1 11.Bg5 Qf8 12.Nc3 Rxh2 13.O-O-O Qxf2 14.Bd3 Rg2
15.Qf3 Qg3 16.Ne4 Qg4 17.Qe3 d5 18.Nf6+ Bxf6 19.Bxf6 Nd7 20.Ne2 Nxf6 21.Rxh1 Ne4
22.Kb1 Re8 23.Qh6 Qg7 24.Qh5 Rf8 25.Qh3 Rf6 26.Qe3 Rf3 27.Qc1 Nf2 28.Bh7+ Kf7
29.Rh4 Rg4 30.Rh2 Ne4 31.c4 Qf6 32.Rh1 Rh4 33.Rxh4 Qxh4 34.cxd5 Qxh7 35.Qxc7+
Kg8 36.Qc8+ Kg7 37.Qc7+ Rf7 38.Qe5+ Nf6+ 39.Kc1 Qh1+ 40.Kd2 Qxd5 41.Qg3+ Kh6

[Event "StL-B-West 2002/03"]
[Site "Jenbach"]
[Date "2002.11.30"]
[Round "5"]
[Board "5"]
[White "Schiestl, Josef"]
[Black "Rotfuss, Oliver"]
[Result "1-0"]
[WhiteElo "2170"]
[BlackElo "2168"]
[PlyCount "105"]

1.e4 e5 2.f4 exf4 3.Nf3 Ne7 4.d4 Ng6 5.Bc4 Be7 6.O-O O-O 7.Nc3 c6 8.Bb3 h6 9.Ne1
Bg5 10.Qh5 d5 11.exd5 Qf6 12.Nf3 Bf5 13.g4 fxg3 14.hxg3 Qd6 15.Kg2 Bxc1 16.Raxc1
Ne7 17.Ne5 Bg6 18.Nxg6 Qxg6 19.Qe5 Nxd5 20.Nxd5 cxd5 21.Bxd5 Nc6 22.Qf4 Rad8
23.Be4 Qh5 24.c3 Rfe8 25.g4 Qg5 26.Qxf7+ Kh8 27.Qf5 Qxf5 28.Bxf5 Re2+ 29.Rf2
Rde8 30.Rcf1 Kg8 31.Rxe2 Rxe2+ 32.Rf2 Re3 33.d5 Nd8 34.c4 Kf8 35.Rd2 Kf7 36.Kf2
Re5 37.Re2 Kf6 38.Rd2 g6 39.Bc8 Re8 40.c5 Rf8 41.Ke3 Ke5 42.b4 Rf4 43.a3 Rc4
44.Rh2 a5 45.Rxh6 axb4 46.axb4 b6 47.Rh8 Nf7 48.Re8+ Kf6 49.Re6+ Kg5 50.Rxb6 Ne5
51.d6 Rc1 52.d7 Rd1 53.Rd6

[Event "StL-B-West 2002/03"]
[Site "Jenbach"]
[Date "2002.11.30"]
[Round "5"]
[Board "6"]
[White "Wallis, Toni"]
[Black "Kondrak, Christof"]
[Result "1-0"]
[WhiteElo "2137"]
[BlackElo "2210"]
[PlyCount "65"]

1.e4 c5 2.Nf3 Nc6 3.d4 cxd4 4.Nxd4 e5 5.Nb5 a6 6.Nd6+ Bxd6 7.Qxd6 f5 8.Nc3 Qf6
9.Qd1 Nge7 10.Be3 Qg6 11.f3 fxe4 12.fxe4 b5 13.Be2 Qxg2 14.Rg1 Qh3 15.Qd2 Qh4+
16.Bf2 Qf6 17.O-O-O b4 18.Na4 Nd4 19.Bxd4 exd4 20.Qxb4 Nc6 21.Qc5 Bb7 22.Rdf1
Qh6+ 23.Kb1 g6 24.Nb6 Rb8 25.Nd5 Qxh2 26.Bg4 Bc8 27.e5 d3 28.Bd1 dxc2+ 29.Bxc2
Qh4 30.Rf4 Qh6 31.Rgf1 Qg7 32.Nc7+ Kd8 33.Qd6

[Event "StL-B-West 2002/03"]
[Site "Jenbach"]
[Date "2002.11.30"]
[Round "5"]
[Board "1"]
[White "Meissner, Bernd"]
[Black "Grundherr, Martin"]
[Result "0-1"]
[WhiteElo "2382"]
[BlackElo "2343"]
[PlyCount "80"]

1.d4 d5 2.c4 c6 3.Nf3 Nf6 4.Nc3 dxc4 5.a4 c5 6.d5 e6 7.e4 Nxe4 8.Nxe4 exd5 9.Nc3
Be6 10.Ng5 Nc6 11.Be2 Nd4 12.Nxe6 fxe6 13.O-O g6 14.Re1 Bg7 15.Bg4 Kf7 16.Ne2
Re8 17.Ra3 e5 18.Nxd4 cxd4 19.a5 e4 20.Qa4 Qd6 21.Bd2 Rad8 22.a6 b6 23.h4 d3
24.Ra2 Bf6 25.g3 Qc7 26.Rc1 e3 27.Be1 d2 28.Bxd2 exd2 29.Rd1 Bxh4 30.Rxd2 Bxg3
31.Qd1 Bh2+ 32.Kg2 Qe5 33.Ra3 Bf4 34.Rd4 Kg7 35.Bf3 Qg5+ 36.Kf1 Re5 37.Ra1 h5
38.Qa4 Be3 39.fxe3 Qxe3 40.Ra3 Qxd4

[Event "StL-B-West 2002/03"]
[Site "Jenbach"]
[Date "2002.11.30"]
[Round "5"]
[Board "2"]
[White "Bertagnolli, Alexander"]
[Black "Herbrechtsmeier, Christof"]
[Result "1/2-1/2"]
[WhiteElo "2294"]
[BlackElo "2334"]
[PlyCount "88"]

1.c4 g6 2.Nc3 c5 3.g3 Nc6 4.Bg2 Bg7 5.d3 d6 6.h4 h5 7.Nh3 Nh6 8.e4 Ng4 9.f3 Nge5
10.Nf2 Rb8 11.Be3 a6 12.O-O b5 13.cxb5 axb5 14.Ne2 Qb6 15.Qd2 O-O 16.Bh6 Bxh6
17.Qxh6 c4 18.Nf4 cxd3 19.Kh1 Qd4 20.N4h3 Bxh3 21.Nxh3 Nc4 22.e5 Qxe5 23.f4 Qxb2
24.Bxc6 Ne3 25.Ng5 Qg7 26.Qxg7+ Kxg7 27.Rf2 Rfc8 28.Be4 Rc2 29.Kg1 Rbc8 30.Bxd3
Rc1+ 31.Rxc1 Rxc1+ 32.Bf1 Ra1 33.Nf3 b4 34.Nh2 d5 35.Rb2 Kf6 36.Rd2 e5 37.fxe5+
Kxe5 38.Kf2 Nd1+ 39.Ke2 Nc3+ 40.Kd3 Nxa2 41.Nf3+ Kd6 42.Bg2 Nc3 43.Ng5 f6
44.Nf7+ Ke7

[Event "StL-B-West 2002/03"]
[Site "Jenbach"]
[Date "2002.11.30"]
[Round "5"]
[Board "3"]
[White "Kratochwil, Christian"]
[Black "Astl, Peter"]
[Result "1-0"]
[WhiteElo "2319"]
[BlackElo "2280"]
[PlyCount "52"]

1.c4 c6 2.e4 d5 3.cxd5 cxd5 4.exd5 Nf6 5.Bb5+ Nbd7 6.Nc3 a6 7.Qa4 g6 8.Nf3 Bg7
9.O-O O-O 10.Bxd7 Bxd7 11.Qb3 b5 12.Re1 Re8 13.d3 Qb8 14.Ne4 Bg4 15.Nd4 Nxe4
16.Rxe4 Bd7 17.Bf4 Qb6 18.Nf3 Rac8 19.Rae1 Qb7 20.Rxe7 Bf8 21.Rxe8 Bxe8 22.Ng5
Qd7 23.Ne4 Qf5 24.Bd6 Bg7 25.h3 Bd7 26.Bg3 Re8

[Event "StL-B-West 2002/03"]
[Site "Jenbach"]
[Date "2002.11.30"]
[Round "5"]
[Board "4"]
[White "Mittelberger, Peter"]
[Black "Hengl, Christian"]
[Result "1/2-1/2"]
[WhiteElo "2259"]
[BlackElo "2206"]
[PlyCount "37"]

1.e4 e6 2.d4 d5 3.Nc3 Nf6 4.Bg5 Bb4 5.e5 h6 6.Bd2 Bxc3 7.bxc3 Ne4 8.Qg4 g6 9.Bd3
Nxd2 10.Kxd2 c5 11.h4 Qa5 12.Rh3 cxd4 13.Bxg6 dxc3+ 14.Ke1 Rf8 15.Rf3 Qc5 16.Bh5
Nc6 17.Qg7 Qe7 18.Ne2 Bd7 19.Qf6

[Event "StL-B-West 2002/03"]
[Site "Jenbach"]
[Date "2002.11.30"]
[Round "5"]
[Board "5"]
[White "Jedinger, Andreas"]
[Black "Eybl, Alexander"]
[Result "1/2-1/2"]
[WhiteElo "2110"]
[BlackElo "2233"]
[PlyCount "36"]

1.d4 d5 2.c4 e6 3.Nf3 c6 4.Qc2 dxc4 5.Qxc4 Nf6 6.Nc3 b5 7.Qd3 Be7 8.g3 Bb7 9.Bg2
Nbd7 10.O-O a6 11.Rd1 c5 12.dxc5 Bxc5 13.Bf4 Qb6 14.e3 O-O 15.a4 Bc6 16.axb5
axb5 17.Rxa8 Rxa8 18.Ne5 Nxe5

[Event "StL-B-West 2002/03"]
[Site "Jenbach"]
[Date "2002.11.30"]
[Round "5"]
[Board "1"]
[White "Umansky, Mikhail"]
[Black "Reich, Thomas"]
[Result "1-0"]
[WhiteElo "2415"]
[BlackElo "2397"]
[PlyCount "55"]

1.d4 Nf6 2.c4 g6 3.Nc3 Bg7 4.g3 O-O 5.Bg2 d6 6.Nf3 Nc6 7.O-O Bf5 8.d5 Na5 9.Nd4
Bd7 10.b3 c5 11.dxc6 Nxc6 12.Bb2 Nxd4 13.Qxd4 Bc6 14.Nd5 Bxd5 15.cxd5 Qb6
16.Qxb6 axb6 17.Rfc1 Rfd8 18.e4 Ra7 19.Bd4 Nd7 20.Bxg7 Kxg7 21.Rc7 Kf6 22.f4 h6
23.b4 g5 24.Bh3 e6 25.dxe6 fxe6 26.Rd1 Ke7 27.e5 dxe5 28.f5

[Event "StL-B-West 2002/03"]
[Site "Jenbach"]
[Date "2002.11.30"]
[Round "5"]
[Board "2"]
[White "Micheli, Carlo"]
[Black "Klundt, Klaus"]
[Result "1-0"]
[WhiteElo "2350"]
[BlackElo "2385"]
[PlyCount "117"]

1.Nf3 Nf6 2.b3 g6 3.Bb2 Bg7 4.c4 O-O 5.e3 d6 6.Be2 e5 7.d3 Nc6 8.Nbd2 Re8 9.O-O
Nd7 10.Qc2 f5 11.a3 g5 12.h3 h5 13.Nh2 g4 14.hxg4 hxg4 15.Rfe1 Qh4 16.g3 Qh6
17.Bf1 Nf6 18.Bg2 Bd7 19.b4 Rab8 20.b5 Nd8 21.c5 d5 22.a4 Nf7 23.f4 gxf3
24.Ndxf3 e4 25.Nh4 Nh5 26.Bxg7 Qxg7 27.g4 fxg4 28.dxe4 d4 29.Nf1 Ne5 30.exd4
Nf3+ 31.Bxf3 gxf3+ 32.Kh1 Qg4 33.Qf2 Rf8 34.Nh2 Ng3+ 35.Qxg3 Qxg3 36.Rg1 Qxg1+
37.Rxg1+ Kh7 38.N2xf3 Rf4 39.d5 Rbf8 40.Rg3 Bg4 41.Kg2 Kh6 42.e5 Rxa4 43.e6 Re4
44.Kf2 Kh5 45.Ng2 c6 46.Ne3 Bxf3 47.Rxf3 Rxf3+ 48.Kxf3 cxd5 49.Nxd5 Re1 50.c6
bxc6 51.bxc6 Kg6 52.c7 Rc1 53.Ke4 a5 54.Ke5 a4 55.Kd6 a3 56.e7 a2 57.e8=Q+ Kg7
58.Qe5+ Kg6 59.Ne7+

[Event "StL-B-West 2002/03"]
[Site "Jenbach"]
[Date "2002.11.30"]
[Round "5"]
[Board "3"]
[White "Hager, Franz"]
[Black "Hoellrigl, Wilfried"]
[Result "0-1"]
[WhiteElo "2265"]
[BlackElo "2219"]
[PlyCount "54"]

1.d4 Nf6 2.c4 g6 3.Nc3 d5 4.Nf3 Bg7 5.Qb3 dxc4 6.Qxc4 O-O 7.e4 a6 8.e5 b5 9.Qb3
Nfd7 10.h4 c5 11.e6 fxe6 12.h5 cxd4 13.Qxe6+ Kh8 14.hxg6 Nf6 15.Qe5 dxc3
16.Rxh7+ Kg8 17.Qh2 Qd6 18.Rxg7+ Kxg7 19.Qh6+ Kg8 20.g7 Rd8 21.Bd3 Bf5 22.Qh8+
Kf7 23.Bf4 Rxh8 24.gxh8=Q Qxf4 25.Bxf5 Qxf5 26.bxc3 Qh5 27.Qc8 Nbd7

[Event "StL-B-West 2002/03"]
[Site "Jenbach"]
[Date "2002.11.30"]
[Round "5"]
[Board "4"]
[White "Sprenger, Wendelin"]
[Black "Hinteregger, Arthur"]
[Result "0-1"]
[WhiteElo "2199"]
[BlackElo "2222"]
[PlyCount "86"]

1.e4 e6 2.d4 d5 3.Nd2 Nf6 4.e5 Nfd7 5.Bd3 c5 6.c3 Nc6 7.Ne2 cxd4 8.cxd4 f6
9.exf6 Nxf6 10.O-O Bd6 11.Nf3 Qc7 12.Nc3 a6 13.Bg5 O-O 14.Bh4 Nh5 15.Rc1 g6
16.Re1 Qg7 17.Bb1 Bd7 18.Na4 Rae8 19.Nc5 Bc8 20.Bg3 Nxg3 21.hxg3 g5 22.Rc3 g4
23.Nh2 h5 24.Nxa6 Nxd4 25.Nc5 e5 26.Nf1 b6 27.Nd3 e4 28.Nc1 Bb7 29.a3 Bc5 30.Ba2
Kh8 31.Ne3 Rd8 32.b4 Nb5 33.Rb3 Bd4 34.Ne2 Nc3 35.Nxc3 Bxc3 36.Rxc3 Qxc3 37.Nxd5
Bxd5 38.Bxd5 Rxd5 39.Qxd5 Qxe1+ 40.Kh2 Qxf2 41.Qxh5+ Kg7 42.Qxg4+ Kf6 43.Qh4+
Ke5

[Event "StL-B-West 2002/03"]
[Site "Jenbach"]
[Date "2002.12.01"]
[Round "6"]
[Board "2"]
[White "Bronznik, Valeri"]
[Black "Brumen, Dinko"]
[Result "1/2-1/2"]
[WhiteElo "2399"]
[BlackElo "2398"]
[PlyCount "59"]

1.d4 d5 2.c4 e6 3.Nc3 Nf6 4.Bg5 Nbd7 5.cxd5 exd5 6.e3 c6 7.Bd3 Be7 8.Qc2 O-O
9.Nf3 Re8 10.O-O Nf8 11.Rae1 Be6 12.Ne5 Ng4 13.Bxe7 Rxe7 14.f4 f6 15.Nxg4 Bxg4
16.f5 Qd6 17.Qf2 Bh5 18.g4 Bxg4 19.Qh4 h5 20.h3 Rae8 21.hxg4 Rxe3 22.Ne4 R8xe4
23.Bxe4 Rxe4 24.Rxe4 dxe4 25.gxh5 Qxd4+ 26.Kh1 Qd3 27.Re1 Qf3+ 28.Kh2 e3 29.h6
g5 30.Qc4+

[Event "StL-B-West 2002/03"]
[Site "Jenbach"]
[Date "2002.12.01"]
[Round "6"]
[Board "3"]
[White "Maier, Alexander"]
[Black "Halasz, Tamas"]
[Result "1/2-1/2"]
[WhiteElo "2365"]
[BlackElo "2386"]
[PlyCount "34"]

1.e4 e5 2.Nf3 Nf6 3.Nxe5 d6 4.Nf3 Nxe4 5.Qe2 Qe7 6.d3 Nf6 7.Bg5 Nbd7 8.Nc3 Qxe2+
9.Bxe2 h6 10.Bd2 g6 11.O-O-O Bg7 12.Rdg1 Nb6 13.Ne1 Bg4 14.Nf3 O-O-O 15.h3 Bd7
16.Re1 Rde8 17.Bd1 Bc6

[Event "StL-B-West 2002/03"]
[Site "Jenbach"]
[Date "2002.12.01"]
[Round "6"]
[Board "4"]
[White "Scheffknecht, Philipp"]
[Black "Ljubic, Juro"]
[Result "0-1"]
[WhiteElo "2183"]
[BlackElo "2291"]
[PlyCount "54"]

1.d4 Nf6 2.Nf3 e6 3.c4 b6 4.e3 Bb7 5.Bd3 Bb4+ 6.Nbd2 Ne4 7.O-O f5 8.a3 Be7 9.Qc2
Nxd2 10.Nxd2 O-O 11.b4 Qe8 12.e4 Qh5 13.Re1 Nc6 14.Bb2 Bf6 15.Nf3 Ne7 16.c5 fxe4
17.Bxe4 Bxe4 18.Rxe4 bxc5 19.dxc5 Bxb2 20.Qxb2 Qg6 21.Qe2 Nd5 22.Ne5 Qf5 23.Rc1
Nf4 24.Qe3 Qg5 25.Kf1 Qxg2+ 26.Ke1 Nd5 27.Qd4 Qg1+

[Event "StL-B-West 2002/03"]
[Site "Jenbach"]
[Date "2002.12.01"]
[Round "6"]
[Board "5"]
[White "Schoeppl, Engelbert"]
[Black "Kranz, Armin"]
[Result "1/2-1/2"]
[WhiteElo "2219"]
[BlackElo "2153"]
[PlyCount "61"]

1.d4 Nf6 2.c4 e6 3.Nc3 Bb4 4.e3 c5 5.Bd3 Nc6 6.Nge2 d5 7.a3 cxd4 8.exd4 dxc4
9.Bxc4 Be7 10.O-O O-O 11.Bf4 b6 12.Qd3 Bb7 13.Rad1 Na5 14.Ba2 Qc8 15.Bb1 Qc6
16.Qh3 Rfd8 17.d5 exd5 18.Nd4 Qe8 19.Nf5 Bc8 20.Nxe7+ Qxe7 21.Qd3 Be6 22.Rfe1
Rd7 23.Bg5 Rad8 24.Bxf6 Qxf6 25.Qxh7+ Kf8 26.Qh8+ Ke7 27.Qh5 g6 28.Qe2 Kf8
29.Rd3 Kg7 30.h3 Nc6 31.Ba2

[Event "StL-B-West 2002/03"]
[Site "Jenbach"]
[Date "2002.12.01"]
[Round "6"]
[Board "6"]
[White "Wallis, Toni"]
[Black "Huber, David"]
[Result "1/2-1/2"]
[WhiteElo "2137"]
[BlackElo "2095"]
[PlyCount "33"]

1.e4 Nc6 2.Nf3 f5 3.exf5 d5 4.d4 Bxf5 5.Bd3 Bg4 6.Bb5 e6 7.h3 Bxf3 8.Qxf3 Bd6
9.c4 Bb4+ 10.Nc3 Nf6 11.Bxc6+ bxc6 12.O-O O-O 13.Qe2 Qd7 14.a3 Bxc3 15.bxc3 Ne4
16.Qc2 c5 17.Be3

[Event "StL-B-West 2002/03"]
[Site "Jenbach"]
[Date "2002.12.01"]
[Round "6"]
[Board "2"]
[White "Kunze, Holger"]
[Black "Heinzel, Olaf"]
[Result "1/2-1/2"]
[WhiteElo "2247"]
[BlackElo "2371"]
[PlyCount "44"]

1.d4 Nf6 2.Bg5 c5 3.dxc5 Ne4 4.Be3 e6 5.g3 Nc6 6.Bg2 Nxc5 7.c4 Be7 8.Nc3 O-O
9.Nf3 d6 10.O-O a6 11.Rb1 Qc7 12.Qd2 Nd7 13.Rbc1 Nce5 14.b3 Nxf3+ 15.exf3 Nf6
16.f4 Bd7 17.Rfe1 Rac8 18.Bd4 Rfe8 19.Bh3 Qa5 20.Rcd1 Qh5 21.Bg2 Bc6 22.Qe2 Qxe2

[Event "StL-B-West 2002/03"]
[Site "Jenbach"]
[Date "2002.12.01"]
[Round "6"]
[Board "3"]
[White "Duer, Werner"]
[Black "Opl, Klaus"]
[Result "1/2-1/2"]
[WhiteElo "2285"]
[BlackElo "2279"]
[PlyCount "75"]

1.d4 Nf6 2.Nf3 c5 3.e3 g6 4.Be2 Bg7 5.O-O O-O 6.dxc5 Qc7 7.a3 a5 8.Nbd2 Qxc5
9.c4 Qc7 10.Nd4 d6 11.b3 Bd7 12.Bb2 Na6 13.Rc1 Nc5 14.a4 Qb6 15.Nb5 Rfd8 16.Bd4
Bc6 17.Qc2 e5 18.Ba1 Rac8 19.Rfd1 h5 20.h3 Bh6 21.Bf3 Ne6 22.Bxc6 bxc6 23.Nxd6
Rxd6 24.Bxe5 Rxd2 25.Rxd2 Nh7 26.c5 Qb4 27.Qd1 Qe4 28.Bd6 Nhg5 29.Rc4 Qf5 30.f4
Nxh3+ 31.gxh3 Qxh3 32.Re4 Bg7 33.Rg2 Rd8 34.Qc2 Kh7 35.Rh2 Qg4+ 36.Rg2 Qh3
37.Rh2 Qg4+ 38.Rg2

[Event "StL-B-West 2002/03"]
[Site "Jenbach"]
[Date "2002.12.01"]
[Round "6"]
[Board "4"]
[White "Enigl, Karl"]
[Black "Jannasch, Franz"]
[Result "1/2-1/2"]
[WhiteElo "2187"]
[BlackElo "2189"]
[PlyCount "84"]

1.c4 Nf6 2.Nc3 g6 3.Nf3 Bg7 4.d4 d5 5.cxd5 Nxd5 6.Bg5 c5 7.Rc1 Nxc3 8.bxc3 Qa5
9.Qd2 Nc6 10.e3 Bg4 11.d5 Bxf3 12.gxf3 Ne5 13.Be2 Rd8 14.c4 Qa3 15.O-O f6 16.Bf4
Nf7 17.e4 b6 18.Qc2 Nd6 19.Qb3 Qa6 20.a4 f5 21.e5 Nf7 22.e6 Nd6 23.Bxd6 exd6
24.Qb5+ Qxb5 25.axb5 Ke7 26.Rc2 Ra8 27.Ra2 Bc3 28.Rd1 Kf6 29.Rd3 Bb4 30.f4 Rhe8
31.h4 Re7 32.Kg2 a5 33.bxa6 Rea7 34.Re3 Ke7 35.h5 Ba5 36.hxg6 hxg6 37.Rh3 Kf6
38.Bd1 Rg7 39.Rh6 Rxa6 40.Rh8 Raa7 41.Kf3 Rh7 42.Rf8+ Ke7

[Event "StL-B-West 2002/03"]
[Site "Jenbach"]
[Date "2002.12.01"]
[Round "6"]
[Board "5"]
[White "Baerner, Helmut"]
[Black "Hamberger, Hermann"]
[Result "1/2-1/2"]
[WhiteElo "2137"]
[BlackElo "2135"]
[PlyCount "71"]

1.d4 Nf6 2.Nf3 c5 3.c3 b6 4.Bg5 Ne4 5.Bh4 Bb7 6.Nbd2 Nxd2 7.Qxd2 g6 8.d5 d6 9.e4
a6 10.a4 Nd7 11.Bc4 Bg7 12.O-O O-O 13.Rfe1 Re8 14.Bg5 Qc7 15.Rad1 Rad8 16.Bh6
Ne5 17.Nxe5 dxe5 18.Bxg7 Kxg7 19.Re3 Bc8 20.Qe2 a5 21.Bb5 Rf8 22.Bc6 Bd7 23.Bxd7
Rxd7 24.Qb5 c4 25.Rb1 Rd6 26.b4 cxb3 27.Rxb3 Rc8 28.f3 Qc4 29.Qxc4 Rxc4 30.Ra3
Kf6 31.Kf2 e6 32.dxe6 Kxe6 33.Ke2 Kd7 34.Rd3 Rcc6 35.Ra2 Ke6 36.Rb2